000 00690nam a2200241 a 4500
999 _c4877
_d4877
001 4877
003 BD-JhCC
005 20221020134024.0
008 950908r19851966enk 000 1 eng d
020 _a0140430113
035 _a(BD-JhCC)4877
040 _aUKM
_cUKM
_dEQO
_dBD-JhCC
041 _aeng
082 _a823/.8
_219
_bBRO 1966
100 1 _aBrontë, Charlotte,
_d1816-1855.
245 1 0 _aJane Eyre /
_cCharlotte Brontë , edited by Q. D. Leavis
260 _aHarmondsworth :
_bPenguin,
_c1966
300 _a489 p. ;
_c18 cm
650 _aGovernesses in literature
650 _aJane Eyre (Brontë, Charlotte)
700 1 _aLeavis, Q. D.
_q(Queenie Dorothy)
942 _2ddc
_cBK
_06